|
|
|
|
| LEADER |
00000nab a2200000 ar4500 |
| 001 |
vtls008418741 |
| 003 |
SK-MaSNL |
| 005 |
20260303070050.0 |
| 008 |
051215c20051205xo sr|p|||||||000 b|slo |
| 015 |
|
|
|a SNBRB2005/12
|2 snkbucl
|
| 038 |
|
|
|a SNKBUCL
|
| 040 |
|
|
|a SNKBUCL
|b slo
|c SNKBUCL
|e AACR2
|
| 041 |
0 |
|
|a slo
|
| 044 |
|
|
|a xo
|c SK
|
| 080 |
|
|
|a 796.322.071
|2 UDC-MRF-SK2
|
| 080 |
|
|
|a 929 Šebo, Filip
|2 UDC-MRF-SK2
|
| 100 |
1 |
|
|a Hašan, Miroslav,
|d 1950-
|4 ivr
|9 838412
|
| 245 |
1 |
0 |
|a Transfúziu by bral od Vachouška
|b Filip Šebo je presvedčený, že Austria Viedeň je pre neho iba medzistanica do veľkého európskeho futbalu
|c [zhováral sa] Miroslav Hašan
|
| 300 |
|
|
|b Fotogr.
|
| 600 |
1 |
7 |
|a Šebo, Filip,
|d 1984-
|2 snkbucl
|9 118803
|
| 700 |
1 |
|
|a Šebo, Filip,
|d 1984-
|4 ive
|9 118803
|
| 773 |
0 |
|
|t Šport
|g Roč. 59, č. 282 (7.12.2005), s. 10-11
|x 0139-7001
|
| 852 |
|
|
|a SNK
|b KIS3GCP
|
| 999 |
|
|
|c 1753779
|d 1755709
|